Central Library OPAC University of Rajshahi

Collective bargaining : (Record no. 45389)

MARC details
000 -LEADER
fixed length control field 00644nam a2200205 a 4500
001 - CONTROL NUMBER
control field 45389
003 - CONTROL NUMBER IDENTIFIER
rucl marc code BD-RjUL
005 - DATE AND TIME OF LATEST TRANSACTION
control field 20211209054014.0
008 - FIXED-LENGTH DATA ELEMENTS--GENERAL INFORMATION
fixed length control field 1 s1965 E a 001 0 eng
035 ## - SYSTEM CONTROL NUMBER
System control number (BD-RjUL)45507
040 ## - CATALOGING SOURCE
Original cataloging agency DLC
Transcribing agency FNP
Modifying agency OCL
-- BD-RjUL
Language of cataloging eng
041 ## - LANGUAGE CODE
Language code of text/sound track or separate title eng
082 ## - DEWEY DECIMAL CLASSIFICATION NUMBER
Edition number 23
Classification number 331.116
Author mark and year SUC 1965
100 1# - MAIN ENTRY--PERSONAL NAME
Personal name Sur, Mary,
Dates associated with a name 1911-
9 (RLIN) 138966
245 10 - TITLE STATEMENT
Title Collective bargaining :
Remainder of title a comparative study of developments in India and other countries /
Statement of responsibility, etc. Mary Sur
260 ## - PUBLICATION, DISTRIBUTION, ETC. (IMPRINT)
Place of publication, distribution, etc. London :
Name of publisher, distributor, etc. Asia Pub. House,
Date of publication, distribution, etc. c1965
300 ## - PHYSICAL DESCRIPTION
Pagination vii, 192 p.
Size 23 cm.
Illustrations ill. ;
650 #0 - SUBJECT ADDED ENTRY--TOPICAL TERM
Topical term or geographic name as entry element Collective bargaining
Geographic subdivision India.
9 (RLIN) 138967
942 ## - ADDED ENTRY ELEMENTS (KOHA)
Source of classification or shelving scheme Dewey Decimal Classification
Koha item type Books
Holdings
Lost status Source of classification or shelving scheme Damaged status Not for loan Collection code Permanent Location Current Location Shelving location Date acquired Source of acquisition Cost, normal purchase price Total Checkouts Full call number Date last seen Copy number Koha item type
  Dewey Decimal Classification     Non-fiction Central Library, University of Rajshahi Central Library, University of Rajshahi   16/08/1969 Zeitlinger 45.00   331.116 SUC 1965 25/07/2016 C-2 Books
  Dewey Decimal Classification     Non-fiction Central Library, University of Rajshahi Central Library, University of Rajshahi   13/05/1978 Asia Pub House 18.00   331.116 SUC 1965 30/07/2016 C-3 Books
  Dewey Decimal Classification     Non-fiction Central Library, University of Rajshahi Central Library, University of Rajshahi   16/08/1969 Zeitlinger 45.00   331.116 SUC 1965 30/07/2016 C-4 Books
  Dewey Decimal Classification     Non-fiction Central Library, University of Rajshahi Central Library, University of Rajshahi   13/05/1978 Asia Pub House 18.00   331.116 SUC 1965 30/07/2016 C-5 Books